[Event "Ch Europe (active)"]
[Site "Warsaw (Poland)"]
[Date "2009.12.19"]
[Round "2"]
[White "Nowak Malgorzata (POL)"]
[Black "Likavsky Tomas (SVK)"]
[Result "0-1"]
[WhiteElo "2084"]
[BlackElo "2484"]

1.d4 d6 2.c4 g6 3.Nc3 Bg7 4.Nf3 Bg4 5.e4 Nc6 6.Be3 e5 7.dxe5 dxe5 8.h3 Bxf3
9.gxf3 Nd4 10.Bg2 Nf6 11.Qa4+ c6 12.Rd1 O-O 13.Bxd4 exd4 14.Ne2 Nh5 15.c5 Qg5
16.Kf1 Rfd8 17.Qc4 d3 18.Rxd3 Rxd3 19.Qxd3 Rd8 20.Qb1 Qd2 21.Qe1 Qc2 {#R} 0-1

[Event "Ch Europe (active)"]
[Site "Warsaw (Poland)"]
[Date "2009.12.19"]
[Round "2"]
[White "Plichta Kamil (POL)"]
[Black "Markowski Tomasz (POL)"]
[Result "0-1"]
[WhiteElo "2039"]
[BlackElo "2627"]

1.d4 d6 2.Nf3 g6 3.c4 Bg7 4.Nc3 Bg4 5.e4 Nc6 6.Be3 e5 7.d5 Nd4 8.Be2 Bxf3
9.gxf3 c5 10.dxc6 bxc6 11.Qd2 Ne7 12.Rg1 Rb8 13.b3 O-O 14.O-O-O Qa5 15.Kb2 Rb7
16.Nb1 Qc7 17.Bxd4 exd4 18.Bd3 a5 19.Qc2 a4 20.Nd2 Qa5 21.Nb1 axb3 22.axb3 Ra8
23.f4 Qa1+ 24.Kc1 {#R} 0-1

[Event "It (open)"]
[Site "Chennai (India)"]
[Date "2010.01.26"]
[Round "2"]
[White "Deepthamsh Reddy M (IND)"]
[Black "Dzhumaev Marat (UZB)"]
[Result "0-1"]
[WhiteElo "2123"]
[BlackElo "2487"]

1.d4 d6 2.Nf3 Bg4 3.c4 Nd7 4.Qb3 e5 5.Qxb7 Ngf6 6.dxe5 dxe5 7.Qc6 Bd6 8.c5
Bxc5 9.Nxe5 O-O 10.Nxg4 Nxg4 11.e3 Bb4+ 12.Bd2 Nde5 13.Qc2 Qh4 14.g3 Nf3+
15.Ke2 Qf6 16.Bxb4 Rad8 17.Qc3 Ng1+ {#R} 0-1

[Event "Ch Israel (team)"]
[Site "Israel"]
[Date "2010.02.05"]
[Round "3"]
[White "Porat Shi (ISR)"]
[Black "Kantsler Boris (ISR)"]
[Result "1-0"]
[WhiteElo "2471"]
[BlackElo "2448"]

1.d4 d6 2.c4 e5 3.d5 Be7 4.Nc3 Bg5 5.e3 f5 6.Nf3 Bh6 7.e4 Bxc1 8.Rxc1 Nh6
9.Bd3 O-O 10.O-O Na6 11.exf5 Nc5 12.Bc2 a5 13.a3 Nxf5 14.b4 axb4 15.axb4 Na6
16.Rb1 Nh4 17.Nxh4 Qxh4 18.Ne4 Bf5 19.Qe2 Nb8 20.g3 Qe7 21.f4 exf4 22.Rxf4 Nd7
23.Nf6+ Qxf6 24.Bxf5 Qe5 25.Be6+ Kh8 26.Re4 Ra1 27.Re1 {#r} 1-0

[Event "Extraliga 2009/10"]
[Site "Slovakia"]
[Date "2010.02.21"]
[Round "8"]
[White "Dlhy Jozef (SVK)"]
[Black "Dobrotka Martin (SVK)"]
[Result "0-1"]
[WhiteElo "2075"]
[BlackElo "2246"]

1.d4 d6 2.c4 e5 3.dxe5 dxe5 4.Qxd8+ Kxd8 5.Nc3 c6 6.Nf3 f6 7.g3 a5 8.b3 Nd7
9.Bg2 Bb4 10.Bd2 Nc5 11.Nb1 Ne7 12.O-O Kc7 13.Be3 Nf5 14.Bxc5 Bxc5 15.Nc3 h5
16.h4 Nxg3 17.Rfd1 Bg4 18.Na4 Ba7 19.c5 Nxe2+ {#R} 0-1

[Event "Ch City (final)"]
[Site "Omsk (Russia)"]
[Date "2010.03.10"]
[Round "11"]
[White "Dobronravov Oleg (RUS)"]
[Black "Avdeev Alexander (RUS)"]
[Result "0-1"]
[WhiteElo "2126"]
[BlackElo "2242"]

1.d4 d6 2.Nf3 Bg4 3.c4 Bxf3 4.exf3 c6 5.Nc3 Nf6 6.Be2 e6 7.Be3 d5 8.f4 Nbd7
9.c5 Ne4 10.Rc1 Be7 11.O-O O-O 12.b4 a6 13.Qb3 Nxc3 14.Qxc3 Nf6 15.a4 Qd7
16.Ra1 Ne4 17.Qb2 Bd8 18.f3 Nf6 19.b5 a5 20.b6 h5 21.g3 Kh8 22.Bd2 Ng8 {#R}
0-1

[Event "Bundesliga B West 2009/10"]
[Site "Austria"]
[Date "2010.03.12"]
[Round "9"]
[White "Kleissl Helmut (AUT)"]
[Black "Poettinger Harald (AUT)"]
[Result "1-0"]
[WhiteElo "2300"]
[BlackElo "2202"]

1.d4 d6 2.Nf3 g6 3.c4 Bg7 4.Nc3 Bg4 5.e3 c5 6.Be2 cxd4 7.exd4 Nh6 8.O-O Nf5
9.d5 Nd7 10.Bd2 O-O 11.Rc1 Rc8 12.b3 a6 13.Re1 Nc5 14.Ng5 Bxe2 15.Qxe2 Re8
16.Nce4 Qd7 17.Bc3 Nxe4 18.Nxe4 e5 19.dxe6 fxe6 20.g4 Nd4 21.Bxd4 Bxd4 22.Rcd1
Be5 23.f4 {#r} 1-0

[Event "Ch Faroe Islands (team) 2009/10"]
[Site "Faroe Islands"]
[Date "2010.03.20"]
[Round "10"]
[White "Olsen Heini (FAI)"]
[Black "Poulsen Martin (FAI)"]
[Result "1-0"]
[WhiteElo "2350"]
[BlackElo "2260"]

1.d4 d6 2.Nf3 g6 3.c4 Bg7 4.g3 Nd7 5.Bg2 e5 6.Nc3 Ne7 7.O-O O-O 8.e4 f5 9.dxe5
dxe5 10.Be3 f4 11.gxf4 exf4 12.Bd4 Bxd4 13.Qxd4 Nc6 14.Qd5+ Kg7 15.Rfe1 Qe7
16.e5 Nc5 17.Qd2 Ne6 18.Nd5 Qf7 19.Qc3 h5 20.Ng5 Qf5 21.Nxe6+ Bxe6 22.Nxc7 f3
23.Qxf3 Qxf3 24.Bxf3 Rxf3 25.Nxa8 Nd4 26.Nc7 Bxc4 27.b3 Bg8 28.e6 {#r} 1-0

[Event "Ch UrFO (open)"]
[Site "Kurgan (Russia)"]
[Date "2010.03.21"]
[Round "2"]
[White "Chukhno Igor (RUS)"]
[Black "Krutko Anatoly (RUS)"]
[Result "0-1"]
[WhiteElo "2246"]
[BlackElo "2384"]

1.d4 d6 2.c4 e5 3.Nf3 Nd7 4.e4 exd4 5.Nxd4 g6 6.Nc3 Bg7 7.Be2 Ne7 8.O-O O-O
9.Be3 Nc5 10.Qd2 Nc6 11.Rad1 Bd7 12.f3 a5 13.Ndb5 Ne6 14.Kh1 b6 15.Nd5 Rc8
16.Ndxc7 Nxc7 17.Bxb6 Be8 18.f4 Bh6 19.Qxd6 Nxb5 20.Qxd8 Nxd8 21.cxb5 Nb7
22.a4 Rc2 23.Bd3 Rxb2 24.Bc7 Bd7 25.Rb1 Rxb1 26.Rxb1 Bg4 27.Rc1 Rc8 28.b6 {#R}
0-1

[Event "Ch Uruguay"]
[Site "Montevideo (Uruguay)"]
[Date "2010.04.18"]
[Round "11"]
[White "Michailov Matias (URU)"]
[Black "Guerrero Alvaro (URU)"]
[Result "0-1"]
[WhiteElo "2046"]
[BlackElo "2270"]

1.d4 d6 2.Nf3 f5 3.Nc3 Nf6 4.Bf4 e6 5.h4 Be7 6.h5 Nbd7 7.e3 Nb6 8.Bd3 O-O
9.Qe2 Nbd5 10.Nxd5 Nxd5 11.O-O-O c6 12.c3 b5 13.Bg3 Qa5 14.e4 fxe4 15.Bxe4
Qxa2 16.Qc2 Nf6 17.Bxc6 Rb8 18.Ng5 b4 19.c4 b3 20.Qb1 Qa6 21.Bb5 Rxb5 22.cxb5
Qxb5 {#R} 0-1

[Event "Ch Lithuania"]
[Site "Nemencine (Lithuania)"]
[Date "2010.04.26"]
[Round "2"]
[White "Grabliauskas Virginijus (LTU)"]
[Black "Kasparavicius Laimutis (LTU)"]
[Result "1-0"]
[WhiteElo "2404"]
[BlackElo "2113"]

1.d4 d6 2.Nf3 c6 3.g3 Nd7 4.Bg2 e5 5.e4 Ngf6 6.Nc3 Be7 7.a4 O-O 8.O-O Re8 9.a5
exd4 10.Nxd4 Ne5 11.h3 Nc4 12.a6 d5 13.exd5 Nxd5 14.axb7 Bxb7 15.Nxc6 Bxc6
16.Nxd5 Bc5 17.b3 Nb6 18.Be3 Bxe3 19.Nxe3 Qf6 20.Ra5 Bxg2 21.Kxg2 Qc3 22.Rf5
Rad8 23.Qf3 f6 24.Rd1 Rxd1 25.Qxd1 g6 26.Rf4 Kg7 27.Qf3 Re7 28.Nf5+ {#r} 1-0

[Event "It (open)"]
[Site "Mesa (USA)"]
[Date "2010.06.05"]
[Round "3"]
[White "Ristovic Nenad (CAN)"]
[Black "Altounian Levon (USA)"]
[Result "0-1"]
[WhiteElo "2216"]
[BlackElo "2432"]

1.d4 d6 2.Nf3 Bg4 3.g3 Bxf3 4.exf3 c6 5.Bg2 e6 6.O-O Ne7 7.f4 g6 8.Nd2 Bg7
9.Nf3 O-O 10.c3 Qb6 11.a4 a5 12.Re1 Nd7 13.Nd2 d5 14.Nf3 Rac8 15.Ne5 Rfd8
16.Ra3 Qc7 17.Qe2 Nf5 18.b3 c5 19.g4 Nd6 20.c4 cxd4 21.cxd5 exd5 22.Bxd5 Bxe5
{#R} 0-1

[Event "Ch Turkey (team)"]
[Site "Konya (Turkey)"]
[Date "2010.07.01"]
[Round "4"]
[White "Gajewski Grzegorz (POL)"]
[Black "Sanikidze Tornike (GEO)"]
[Result "1-0"]
[WhiteElo "2568"]
[BlackElo "2564"]

1.d4 d6 2.Nf3 g6 3.c4 Bg7 4.Nc3 Bg4 5.d5 Nf6 6.h3 Bxf3 7.exf3 O-O 8.Bd3 Nbd7
9.O-O c6 10.Re1 Re8 11.Bf1 a5 12.Be3 Nc5 13.Qc2 Nfd7 14.Rad1 a4 15.h4 Qa5
16.Bd2 Qc7 17.h5 Nf6 18.hxg6 hxg6 19.Be3 Qa5 20.f4 e6 21.Bxc5 Qxc5 22.dxe6 Ng4
23.Ne4 Qh5 24.exf7+ Kf8 25.fxe8=Q+ Rxe8 26.Bd3 {#r} 1-0

[Event "Ch Paris (open)"]
[Site "Paris (France)"]
[Date "2010.07.05"]
[Round "3"]
[White "Zoler Dan (ISR)"]
[Black "Meenakshi S (IND)"]
[Result "1-0"]
[WhiteElo "2509"]
[BlackElo "2336"]

1.d4 d6 2.Nf3 g6 3.g3 Bg7 4.Bg2 Nd7 5.O-O e5 6.c4 Nh6 7.Nc3 O-O 8.e4 c6 9.h3
f5 10.Bg5 Qe8 11.Re1 Nf7 12.Be3 fxe4 13.Nxe4 d5 14.cxd5 cxd5 15.Nc3 e4 16.Nd2
Nf6 17.Qb3 Be6 18.Qxb7 Nd6 19.Qa6 Nf5 20.Nf1 Nd7 21.Nb5 Rc8 22.Rac1 Nxe3
23.Rxc8 Qxc8 24.Qxe6+ Kh8 25.Nxe3 {#r} 1-0

[Event "Ch Switzerland (open)"]
[Site "Lenzerheide (Switzerland)"]
[Date "2010.07.14"]
[Round "7"]
[White "Carron Julien (SUI)"]
[Black "Aerni Andi (SUI)"]
[Result "1-0"]
[WhiteElo "2394"]
[BlackElo "2163"]

1.d4 d6 2.Nf3 Nd7 3.c4 e5 4.Nc3 exd4 5.Nxd4 g6 6.g3 Bg7 7.Bg2 Ngf6 8.O-O O-O
9.b3 a5 10.Ba3 Nc5 11.Ndb5 Qe7 12.Rc1 h5 13.Qd2 Kh7 14.Rce1 Bh6 15.f4 h4 16.e4
Rd8 17.Qc2 Nh5 18.Nd5 Qf8 19.Nbxc7 hxg3 20.Nxa8 gxh2+ 21.Kxh2 Ne6 22.Bc1 {#r}
1-0

[Event "Ch Slovakia (open)"]
[Site "Banska Stiavnica (Slovakia)"]
[Date "2010.07.15"]
[Round "6"]
[White "Odnorozhenko Evgenyi (UKR)"]
[Black "Slacky Stanislav (SVK)"]
[Result "1-0"]
[WhiteElo "2336"]
[BlackElo "2168"]

1.d4 d6 2.Nf3 Bg4 3.e3 c6 4.Be2 e5 5.dxe5 Bxf3 6.Bxf3 dxe5 7.Qxd8+ Kxd8 8.Nd2
Nd7 9.Nc4 Kc7 10.Bd2 Bc5 11.Ba5+ b6 12.Bc3 f6 13.O-O-O Ne7 14.b4 b5 15.bxc5
bxc4 16.Ba5+ Kc8 17.Rd6 Nxc5 18.Bxc6 Nb7 19.Bxb7+ Kxb7 20.Rd7+ Ka6 21.Rxe7
Kxa5 22.Rxg7 Kb4 23.Rb7+ Kc3 24.Rd1 a5 25.Rd5 Rhd8 26.Rc5 Rac8 27.Rb3# 1-0

[Event "Ch Argentina"]
[Site "Buenos Aires (Argentina)"]
[Date "2010.07.16"]
[Round "11"]
[White "Gaitan Juan Manuel (ARG)"]
[Black "Filgueira Hernan (ARG)"]
[Result "1-0"]
[WhiteElo "2106"]
[BlackElo "2338"]

1.d4 d6 2.c4 e5 3.d5 f5 4.Nc3 Nf6 5.g3 Be7 6.Bg2 O-O 7.e3 Qe8 8.Nf3 Qh5 9.c5
Na6 10.cxd6 cxd6 11.O-O Bd7 12.Nxe5 Ng4 13.Nf3 Nc5 14.h3 Rf6 15.Nh2 b5 16.b4
Na6 17.e4 Rc8 18.exf5 {#r} 1-0

[Event "It "]
[Site "Hamburg (Germany)"]
[Date "2010.07.17"]
[Round "8"]
[White "Hagenlueke Thomas (GER)"]
[Black "Ziller Christian (GER)"]
[Result "0-1"]
[WhiteElo "2032"]
[BlackElo "2114"]

1.d4 d6 2.c4 e5 3.d5 f5 4.Nc3 Nf6 5.Bg5 Be7 6.Qc2 Nxd5 7.cxd5 Bxg5 8.e4 O-O
9.Bd3 f4 10.f3 Bh4+ 11.Kd2 Bf2 12.Ke2 Bd4 13.Rc1 c6 14.dxc6 bxc6 15.Rf1 Na6
16.Kd1 Qa5 17.Nge2 Be3 18.Bc4+ Kh8 19.a3 Rb8 20.Nc1 d5 21.Nb3 Qd8 22.exd5 cxd5
23.Nxd5 Nc7 24.Qe4 Bf5 25.Qxe5 Nxd5 26.Bxd5 Rxb3 {#R} 0-1

[Event "It (open)"]
[Site "Paleochora (Greece)"]
[Date "2010.07.23"]
[Round "3"]
[White "Rychagov Andrey (RUS)"]
[Black "Gonzalez Diaz Julio (ESP)"]
[Result "1-0"]
[WhiteElo "2568"]
[BlackElo "2259"]

1.d4 d6 2.Nf3 g6 3.g3 Bg7 4.Bg2 c5 5.O-O Nd7 6.c4 cxd4 7.Nxd4 Qb6 8.Nb3 Ngf6
9.Be3 Qc7 10.Na3 a6 11.Rc1 Nc5 12.Nb1 O-O 13.Nc3 Bd7 14.Nxc5 dxc5 15.Qb3 Rab8
16.Qa3 Rfc8 17.Rfd1 b5 18.Qxa6 bxc4 19.Rd2 Rb4 20.a3 Rb3 21.Qxc4 Qb8 22.Bf4
Qb6 23.Nd5 Nxd5 24.Bxd5 {#r} 1-0

[Event "It (open)"]
[Site "Saint-Affrique (France)"]
[Date "2010.07.26"]
[Round "3"]
[White "Petkov Vladimir (BUL)"]
[Black "Weill Roland (FRA)"]
[Result "1-0"]
[WhiteElo "2513"]
[BlackElo "2198"]

1.d4 d6 2.Nf3 Nd7 3.e4 Ngf6 4.e5 Nd5 5.e6 fxe6 6.Bd3 c5 7.Ng5 N7f6 8.dxc5 Qa5+
9.Nd2 Qxc5 10.Nb3 Qb4+ 11.c3 Qa4 12.O-O g6 13.Qe2 Nc7 14.Nd4 e5 15.Nb5 Kd7
16.b3 Qg4 17.f3 Qh5 18.g4 Qh4 19.Nf7 Rg8 20.Bg5 Qh3 21.Rad1 Nxb5 22.Bxb5+ Kc7
23.Nxd6 exd6 24.Qc4+ Kb8 25.Bxf6 Bg7 26.Qxg8 Bxf6 27.Qf8 {#r} 1-0

[Event "It (open) "]
[Site "Tromsoe (Norway)"]
[Date "2010.07.31"]
[Round "5"]
[White "Riedel Holger Dr (GER)"]
[Black "Taylor Phil (ENG)"]
[Result "1-0"]
[WhiteElo "2201"]
[BlackElo "2033"]

1.d4 d6 2.c4 e5 3.d5 f5 4.Nc3 Nf6 5.g3 Be7 6.Bg2 O-O 7.e3 a5 8.a3 Na6 9.b4
axb4 10.axb4 Bd7 11.Rb1 Qe8 12.Nf3 Qh5 13.Nd2 Qg6 14.Qb3 f4 15.Nde4 Nxe4
16.Bxe4 Bf5 17.Qc2 c5 18.dxc6 bxc6 19.Bxf5 Rxf5 20.exf4 exf4 21.Bxf4 d5 22.c5
Bf6 23.Ne2 Re8 24.O-O Qg4 25.f3 Qh3 26.g4 Rxe2 27.Qxe2 Rxf4 28.Qe8# 1-0

[Event "Ch World (juniors) (under 20)"]
[Site "Chotowa (Poland)"]
[Date "2010.08.11"]
[Round "8"]
[White "Cordova Emilio (PER)"]
[Black "Kasyan Aleksandr (UZB)"]
[Result "1-0"]
[WhiteElo "2539"]
[BlackElo "2379"]

1.d4 d6 2.Nf3 g6 3.g3 Bg7 4.Bg2 Nd7 5.O-O e5 6.c4 Ne7 7.Nc3 O-O 8.dxe5 Nxe5
9.Nxe5 Bxe5 10.Bh6 Re8 11.Bg5 Qd7 12.Rc1 Bg7 13.Qd2 f6 14.Bh6 Nc6 15.Nd5 Ne7
16.Bxg7 Kxg7 17.Rc3 c6 18.Ne3 Nf5 19.Rd1 Nxe3 20.Rxe3 Rxe3 21.Qxe3 Qe6 22.Qd3
Qe7 23.Qxd6 Qxe2 24.Qc7+ Kh6 25.Rd4 Qe1+ 26.Bf1 g5 27.Qf7 Qe5 28.Rd8 {#r} 1-0

[Event "It (cat.6)"]
[Site "Haarlem (Netherlands)"]
[Date "2010.08.23"]
[Round "3"]
[White "Rej Tomek (AUS)"]
[Black "De Wit Tex (NED)"]
[Result "0-1"]
[WhiteElo "2340"]
[BlackElo "2268"]

1.d4 d6 2.c4 e5 3.d5 g6 4.Nc3 f5 5.e4 Nf6 6.Bd3 Bg7 7.Qc2 fxe4 8.Nxe4 Nxe4
9.Bxe4 O-O 10.Be3 Nd7 11.h3 Nf6 12.g4 Nxe4 13.Qxe4 c5 14.Nf3 b5 15.Nd2 bxc4
16.Nxc4 Rb8 17.O-O Qh4 18.Kg2 Bf5 {#R} 0-1

[Event "Ch Belgium (team) 2010/11"]
[Site "Belgium"]
[Date "2010.09.26"]
[Round "1"]
[White "Piceu Tom (BEL)"]
[Black "Fridman Rafael (GER)"]
[Result "0-1"]
[WhiteElo "2330"]
[BlackElo "2482"]

1.d4 d6 2.c4 e5 3.dxe5 dxe5 4.Qxd8+ Kxd8 5.Nf3 f6 6.Nc3 Be6 7.e3 c6 8.b3 Nd7
9.Bb2 Nh6 10.h3 Nf7 11.O-O-O Kc7 12.g4 Nc5 13.Rg1 a5 14.Nd2 a4 15.Kc2 axb3+
16.axb3 h5 17.Nde4 hxg4 18.hxg4 Rh2 19.Rd2 Rd8 20.Rxd8 Kxd8 21.Bd3 Nxe4
22.Nxe4 Nd6 23.Ba3 Nxe4 24.Bxf8 Nxf2 25.Kc3 Nxg4 {#R} 0-1

[Event "Olympiad (w)"]
[Site "Khanty Mansyisk (Russia)"]
[Date "2010.09.30"]
[Round "9"]
[White "Segarra Choe Tammy (PUR)"]
[Black "Mazariego-K Carolina (GUA)"]
[Result "0-1"]
[WhiteElo "2014"]
[BlackElo "2086"]

1.d4 d6 2.Nf3 Nc6 3.d5 Ne5 4.Nxe5 dxe5 5.e4 e6 6.Bb5+ Bd7 7.dxe6 Bxb5 8.exf7+
Kxf7 9.Qh5+ g6 10.Qxe5 Qd7 11.Nc3 Bg7 12.Qf4+ Ke8 13.Nxb5 Qxb5 14.Qxc7 Be5
15.a4 Qb4+ {#R} 0-1

[Event "Ch Belgrade (team) (qual. liga)"]
[Site "Belgrade (Serbia)"]
[Date "2010.10.24"]
[Round "6"]
[White "Kostic Branimir (SRB)"]
[Black "Roska Branislav (SRB)"]
[Result "1-0"]
[WhiteElo "2263"]
[BlackElo "2153"]

1.d4 d6 2.Nf3 g6 3.g3 Bg7 4.Bg2 c5 5.c3 cxd4 6.cxd4 Nf6 7.Nc3 O-O 8.O-O Nc6
9.d5 Na5 10.Be3 Bd7 11.b3 b5 12.Rc1 b4 13.Nb1 Nb7 14.Qd2 Qa5 15.Bd4 Rac8
16.Qb2 Nc5 17.Nbd2 Rc7 18.Nc4 Qa6 19.Nfd2 Bb5 20.Rfe1 Rfc8 21.e4 Nd3 {#r} 1-0

[Event "It (open)"]
[Site "Bad Wiessee (Germany)"]
[Date "2010.11.01"]
[Round "4"]
[White "Nagel Bernhard (GER)"]
[Black "Petrov Marijan (BUL)"]
[Result "0-1"]
[WhiteElo "2254"]
[BlackElo "2550"]

1.d4 d6 2.c4 e5 3.d5 f5 4.e4 Nf6 5.Nc3 g6 6.Bd3 Bg7 7.f3 Na6 8.Be3 Nc5 9.Nge2
O-O 10.Qc2 fxe4 11.Bxe4 Ncxe4 12.Nxe4 Nxe4 13.fxe4 Qh4+ 14.Ng3 Bh6 15.Bf2 Bf4
16.Ne2 Bd2+ 17.Kxd2 Rxf2 18.h3 Qg5+ 19.Kd3 Qxg2 20.Rae1 Qf3+ {#R} 0-1

[Event "It (open)"]
[Site "Bad Wiessee (Germany)"]
[Date "2010.11.05"]
[Round "8"]
[White "Welling Gerard (NED)"]
[Black "Pohle Dirk (GER)"]
[Result "1-0"]
[WhiteElo "2337"]
[BlackElo "2186"]

1.d4 d6 2.Nf3 c6 3.e4 Nf6 4.Nbd2 Nbd7 5.Bd3 e5 6.c3 Be7 7.O-O O-O 8.a4 Qc7
9.a5 d5 10.exd5 cxd5 11.dxe5 Nxe5 12.Nxe5 Qxe5 13.Re1 Qc7 14.Nf1 Bc5 15.h3 h6
16.Qf3 Ne4 17.Bxe4 dxe4 18.Qxe4 Bd7 19.Be3 Bd6 20.Bd4 Bc6 21.Qf5 Rfe8 22.Ne3
Bh2+ 23.Kh1 Be4 24.Qg4 g6 25.Qh4 Be5 26.Qxe4 {#r} 1-0

[Event "Tournament (Elo) (a)"]
[Site "Budapest (Hungary)"]
[Date "2010.11.09"]
[Round "4"]
[White "Tran Minh Thang (VIE)"]
[Black "Zala Gyula (HUN)"]
[Result "1-0"]
[WhiteElo "2018"]
[BlackElo "2023"]

1.d4 d6 2.Bf4 e6 3.e4 f6 4.Nc3 e5 5.dxe5 dxe5 6.Qxd8+ Kxd8 7.O-O-O+ Bd7 8.Be3
c6 9.f4 exf4 10.Bxf4 Ne7 11.Bc4 Ng6 12.Bxb8 Rxb8 13.Be6 Ne5 14.Nf3 Ke8
15.Bxd7+ Nxd7 16.e5 f5 17.Ne2 Bc5 18.Rd3 Ke7 19.Rhd1 Rbd8 20.b4 Bb6 21.Kb1 Nb8
22.Nf4 Na6 23.a3 Nc7 24.Nh4 Ne6 25.Nxf5+ Kf7 26.Rd7+ Rxd7 27.Rxd7+ Ke8 28.Re7+
{#r} 1-0

[Event "It (open)"]
[Site "Brighton (England)"]
[Date "2010.11.12"]
[Round "1"]
[White "Garnett John S (ENG)"]
[Black "Willman Robert (ENG)"]
[Result "0-1"]
[WhiteElo "2035"]
[BlackElo "2214"]

1.d4 d6 2.Nf3 Bg4 3.Nbd2 Nd7 4.g3 e5 5.dxe5 dxe5 6.Bg2 Bc5 7.O-O Ngf6 8.Nc4
Qe7 9.Ne3 Rd8 10.Nxg4 Nxg4 11.c3 O-O 12.Bg5 Ndf6 13.Bxf6 Qxf6 14.Qc2 Rfe8
15.e3 a5 16.Qa4 Nxf2 17.Nd4 Qg5 18.Rxf2 Qxe3 19.Rf1 exd4 20.Kh1 d3 21.Rxf7 d2
22.Qg4 Bf8 23.Rd7 Rxd7 24.Qxd7 Bd6 25.Qf7+ Kh8 26.Qb3 Qe1 {#R} 0-1

[Event "Ch Sweden (team) 2010/11"]
[Site "Sweden"]
[Date "2010.11.13"]
[Round "4"]
[White "Barkhagen Jonas (SWE)"]
[Black "Norberg Johan (SWE)"]
[Result "1-0"]
[WhiteElo "2443"]
[BlackElo "2277"]

1.d4 d6 2.Nf3 Bg4 3.e4 Nf6 4.Nc3 c6 5.Be2 Nbd7 6.O-O e5 7.Re1 Be7 8.h3 Bxf3
9.Bxf3 Qc7 10.Be3 O-O 11.Qd3 b5 12.Rad1 a6 13.Ne2 Rfe8 14.Ng3 Rad8 15.c4 exd4
16.Qxd4 bxc4 17.Qxc4 Ne5 18.Qe2 d5 19.exd5 cxd5 20.Bd4 Bd6 21.Nf5 Nxf3+
22.Qxf3 Be5 23.Rxe5 Rxe5 24.Qg3 {#r} 1-0

[Event "It (open)"]
[Site "Hum na Sutli (Croatia)"]
[Date "2010.11.22"]
[Round "3"]
[White "Pejic Irving (CRO)"]
[Black "Mrdja Milan (CRO)"]
[Result "0-1"]
[WhiteElo "2116"]
[BlackElo "2393"]

1.d4 d6 2.Bf4 Nd7 3.Nf3 g6 4.e3 Bg7 5.Be2 e5 6.dxe5 dxe5 7.Bg5 f6 8.Bh4 Nh6
9.Bc4 Nf5 10.Nc3 Qe7 11.Bg3 c6 12.O-O e4 13.Nd4 Nxg3 14.hxg3 Ne5 15.Be2 f5
16.f4 exf3 17.gxf3 Bd7 18.Qe1 O-O-O 19.Qf2 h5 20.Kg2 Rde8 21.Rae1 Kb8 22.Bd3
h4 23.Rh1 Bf6 24.Re2 c5 25.Nb3 c4 {#R} 0-1

[Event "It (open)"]
[Site "Bogota (Colombia)"]
[Date "2010.12.03"]
[Round "1"]
[White "Gomez Benitez Pedro (ARG)"]
[Black "Escobar Andres (COL)"]
[Result "0-1"]
[WhiteElo "2082"]
[BlackElo "2111"]

1.d4 d6 2.Bf4 Nf6 3.c3 g6 4.Nf3 Bg7 5.h3 O-O 6.e3 Nbd7 7.Be2 c5 8.O-O a6
9.Nbd2 b5 10.a4 Rb8 11.axb5 axb5 12.Qc2 b4 13.Ra2 Qb6 14.Rb1 b3 15.Qxb3 Qxb3
16.Nxb3 Rxb3 {#R} 0-1

[Event "It (open) "]
[Site "Heraklio (Greece)"]
[Date "2011.01.08"]
[Round "6"]
[White "Papadakis Michalis (GRE)"]
[Black "Nikolaidis Ioannis (GRE)"]
[Result "0-1"]
[WhiteElo "2222"]
[BlackElo "2554"]

1.d4 d6 2.c4 e5 3.dxe5 dxe5 4.Qxd8+ Kxd8 5.Nc3 Be6 6.b3 Nd7 7.Bb2 c6 8.Nf3 f6
9.e3 a5 10.Be2 Ne7 11.O-O Nc8 12.Rfd1 Nb6 13.Nd2 Kc7 14.Rac1 Nc5 15.Nde4 Nbd7
16.Nxc5 Nxc5 17.Ba3 Bf5 18.Bxc5 Bxc5 19.h3 Ba3 20.e4 Bxc1 {#R} 0-1

[Event "It (open)"]
[Site "Prague (Czech Republic)"]
[Date "2011.01.08"]
[Round "2"]
[White "Porat Maya (ISR)"]
[Black "Priehoda Vitezslav (CZE)"]
[Result "1-0"]
[WhiteElo "2299"]
[BlackElo "2388"]

1.d4 d6 2.c4 e5 3.d5 f5 4.e4 fxe4 5.Nc3 Nf6 6.Nge2 Bf5 7.Ng3 Bg6 8.Bg5 Be7
9.h4 h6 10.Bxf6 Bxf6 11.Qe2 Bh7 12.Qh5+ Kf8 13.Ngxe4 Nd7 14.Bd3 a6 15.Rh3 Kg8
16.Rf3 Qe7 17.c5 Bxe4 18.Nxe4 dxc5 19.d6 Qe6 20.dxc7 b5 21.Qg6 Rc8 22.Nxf6+
Nxf6 23.Bf5 Qf7 24.Bxc8 Qxg6 25.Bf5 {#r} 1-0

[Event "It "]
[Site "Sofia (Bulgaria)"]
[Date "2011.01.09"]
[Round "5"]
[White "Ninov Dayan (BUL)"]
[Black "Mladenov Emil (BUL)"]
[Result "1-0"]
[WhiteElo "2117"]
[BlackElo "2114"]

1.d4 d6 2.Nf3 g6 3.c4 Bg7 4.Nc3 e5 5.dxe5 dxe5 6.Qxd8+ Kxd8 7.e4 f6 8.Be3 Be6
9.O-O-O+ Nd7 10.Be2 Nh6 11.Nd2 Ng4 12.Bxg4 Bxg4 13.f3 Be6 14.Nb3 Kc8 15.Nd2 c6
16.h4 h5 17.b3 b6 18.Kb2 Kc7 19.Rc1 Rhd8 20.Rhd1 f5 21.Bg5 Re8 22.Nd5+ Kb7
23.Ne7 Nc5 24.Kc2 Rad8 25.Nxg6 Rd7 26.Nf1 Rxd1 27.Rxd1 fxe4 28.Ng3 {#r} 1-0

[Event "Ch Slovakia (team) 2010/11 (3 liga)"]
[Site "Slovakia"]
[Date "2011.01.16"]
[Round "6"]
[White "Meszaros Lorant (SVK)"]
[Black "Janko Michal (SVK)"]
[Result "0-1"]
[WhiteElo "2053"]
[BlackElo "2271"]

1.d4 d6 2.c4 e5 3.d5 f5 4.Nc3 Nf6 5.f3 Nh5 6.g3 Be7 7.e4 f4 8.Nge2 O-O 9.Bg2
Bg5 10.Bd2 Na6 11.a3 Nc5 12.Qc2 fxg3 13.O-O-O Bxd2+ 14.Rxd2 gxh2 15.Rxh2 g6
16.b4 Nd7 17.Ng1 a5 18.Kb2 axb4 19.axb4 Nb6 20.Qb3 Qg5 21.Rc2 Nf4 22.Nh3 Bxh3
23.Bxh3 Nd3+ {#R} 0-1

[Event "Ch Bulgaria (1/2 final)"]
[Site "Plovdiv (Bulgaria)"]
[Date "2011.02.08"]
[Round "2"]
[White "Krastev Vasil (BUL)"]
[Black "Kukov Velislav (BUL)"]
[Result "0-1"]
[WhiteElo "2106"]
[BlackElo "2416"]

1.d4 d6 2.c4 e5 3.dxe5 dxe5 4.Qxd8+ Kxd8 5.Nc3 c6 6.Nf3 f6 7.e3 Be6 8.b3 Nd7
9.Bb2 a5 10.Be2 Ne7 11.O-O Nc8 12.Nd2 Ncb6 13.a3 Be7 14.Rac1 Kc7 15.Bf3 Nc5
16.Be4 Rad8 17.Rcd1 a4 18.Nxa4 Nbxa4 19.bxa4 Rxd2 20.Rxd2 Nxe4 21.Rc2 Nc5
22.a5 Bf5 23.Rd2 Nb3 24.Rdd1 Bc2 {#R} 0-1

[Event "It (open)"]
[Site "Fontenilles (France)"]
[Date "2011.03.11"]
[Round "8"]
[White "Levieux Pascal (FRA)"]
[Black "Brethes Francois (FRA)"]
[Result "0-1"]
[WhiteElo "2117"]
[BlackElo "2219"]

1.d4 d6 2.c4 e5 3.Nf3 Nc6 4.d5 Nce7 5.Nc3 g6 6.h4 h6 7.e4 Bg7 8.Be2 f5 9.Nd2
Nf6 10.f3 f4 11.Nf1 Nh5 12.Qa4+ Bd7 13.Qb3 Rb8 14.Bd2 O-O 15.O-O-O Kh7 16.Be1
c6 17.Bf2 cxd5 18.cxd5 b5 19.Rd2 b4 20.Nd1 Qa5 21.Kb1 Rfc8 22.Bc4 Ba4 23.Qd3
Rxc4 24.Qxc4 Rc8 25.Qd3 Bb5 {#R} 0-1